书目信息 |
| 题名: |
通识英语选读
|
|
| 作者: | 潘海英 总主编 ;董育英 , 徐志卿 主编 | |
| 分册: | 社科篇 | |
| 出版信息: | 北京 高等教育出版社 2025.04 |
|
| 页数: | 123页 | |
| 开本: | 28cm | |
| 丛书名: | ||
| 单 册: | ||
| 中图分类: | H319.39 , C43 | |
| 科图分类: | ||
| 主题词: | 英语--ying yu--高等学校--教材 , 社会科学--she hui ke xue--英语--高等学校--教材 | |
| 电子资源: | ||
| ISBN: | 978-7-04-064501-9 | |
| 000 | 01272nam0 2200337 450 | |
| 001 | CAL 012025066247 | |
| 005 | 20251022102907.49 | |
| 010 | @a978-7-04-064501-9@dCNY43.00 | |
| 099 | @aCAL 012025066247 | |
| 100 | @a20250617d2025 em y0chiy0120 ea | |
| 101 | 0 | @achi@aeng |
| 102 | @aCN@b110000 | |
| 105 | @aak z 000yy | |
| 106 | @ar | |
| 200 | 1 | @a通识英语选读@Atong shi ying yu xuan du@i社科篇@d= Selected readings for general English@iUnderstanding social science@f总主编潘海英@f主编董育英, 徐志卿@zeng |
| 210 | @a北京@c高等教育出版社@d2025.04 | |
| 215 | @a123页@c图@d28cm | |
| 300 | @a吉林省普通本科高校省级重点教材 | |
| 330 | @a本书包含8个单元,每个单元聚焦一个主题,由Pre-Reading Activities,Text Reading以及Post-reading Activities三部分组成。 | |
| 510 | 1 | @aSelected readings for general English@iUnderstanding social science@zeng |
| 517 | 1 | @a社科篇@Ashe ke pian |
| 606 | 0 | @a英语@Aying yu@x高等学校@j教材 |
| 606 | 0 | @a社会科学@Ashe hui ke xue@x英语@x高等学校@j教材 |
| 690 | @aH319.39@v5 | |
| 690 | @aC43@v5 | |
| 701 | 0 | @a潘海英@Apan hai ying@4总主编 |
| 702 | 0 | @a董育英@Adong yu ying@4主编 |
| 702 | 0 | @a徐志卿@Axu zhi qing@4主编 |
| 801 | 0 | @aCN@c20250919 |
| 905 | @a河南城建学院图书馆@dH319.39@eP138:3@ZP138:3@f1 | |
| 998 | @aZJU | |
| 通识英语选读.社科篇= Selected readings for general English.Understanding social science/总主编潘海英/主编董育英, 徐志卿.-北京:高等教育出版社,2025.04 |
| 123页:图;28cm |
| 吉林省普通本科高校省级重点教材 |
| ISBN 978-7-04-064501-9:CNY43.00 |
| 本书包含8个单元,每个单元聚焦一个主题,由Pre-Reading Activities,Text Reading以及Post-reading Activities三部分组成。 |
| ● |
| 相关链接 |
|
|
|
正题名:通识英语选读
索取号:H319.39/P138:3
 
预约/预借
| 序号 | 登录号 | 条形码 | 馆藏地/架位号 | 状态 | 备注 |
| 1 | 1637727 | 216377276 | 语言库209/209语言库 43排6列4层/ [索取号:H319.39/P138:3] | 在馆 |